000 00285nam a22001337a 4500
008 170210b xxu||||| |||| 00| 0 eng d
020 _a9780071409230
041 _aeng
080 _a61
100 _a4
101 _aSHM
245 _aDIAGNOSTIC EXAMINATION
_cLEBLOND
942 _2udc
_cBK
999 _c5134
_d5134